|
|
|
|
| LEADER |
00000nam a2200000Ii 4500 |
| 001 |
DIGOLEJNK1520 |
| 003 |
NyNyDIG |
| 006 |
m o d |
| 007 |
cr ||||||||||| |
| 008 |
240902s2023 cl ob 000 0 spa d |
| 035 |
|
|
|a (OCoLC)1427227297
|
| 040 |
|
|
|a DGITA
|b eng
|e rda
|e pn
|c DGITA
|
| 020 |
|
|
|z 9789564073330
|
| 043 |
|
|
|a cl-----
|a d------
|
| 050 |
1 |
4 |
|a HF1359 ebook
|
| 100 |
1 |
|
|a Castillo Salazar, Edmundo,
|d 1964-
|e author.
|
| 245 |
1 |
0 |
|a Orden y caos entre las naciones /
|c Edmundo Castillo Salazar.
|
| 264 |
|
1 |
|a Santiago, Chile :
|b Ediciones Olejnik,
|c [2023]
|
| 300 |
|
|
|a 1 online resource.
|
| 336 |
|
|
|a text
|b txt
|2 rdacontent
|
| 337 |
|
|
|a computer
|b c
|2 rdamedia
|
| 338 |
|
|
|a online resource
|b cr
|2 rdacarrier
|
| 347 |
|
|
|a text file
|2 rdaft
|
| 347 |
|
|
|b PDF
|
| 490 |
1 |
|
|a Biblioteca de filosofía del derecho
|
| 504 |
|
|
|a Includes bibliographical references.
|
| 588 |
0 |
|
|a Online resource; title from PDF title page (Digitalia, viewed September 2, 2024)
|
| 650 |
|
0 |
|a International economic relations.
|
| 651 |
|
0 |
|a Developing countries
|x Foreign economic relations.
|
| 651 |
|
0 |
|a Latin America
|x Foreign economic relations.
|
| 791 |
2 |
|
|a Digitalia (Firm),
|e distributor.
|
| 793 |
0 |
|
|g Digitalia eBook Collection:
|a Ediciones Olejnik
|
| 776 |
0 |
8 |
|i Print version:
|a Castillo Salazar, Edmundo, 1964-
|t Orden y caos entre las naciones.
|b Primera edición en Ediciones Olejnik.
|d Santiago, Chile : Ediciones Olejnik, 2023
|z 9789564073330
|
| 830 |
|
0 |
|a Biblioteca de filosofía del derecho.
|
| 856 |
4 |
0 |
|3 Digitalia Hispánica
|u https://www.digitaliapublishing.com/a/158039/
|
| 910 |
|
|
|a Premium collection: 2024
|